=LDR 00000nam 2200000 4500 =001 INLIS000000000002403 =005 20130612090737 =008 ***********************************Ind** =035 ##$$0010-061300000002403 =041 ##$$a Ind =082 ##$$a 819.2 =090 ##$$a 819.2, Doj t =100 ##$$a Dojosantoso =245 ##$$a Taman sastrawan, Dojosantoso =260 ##$$a 1990 $b Semarang =300 ##$$a x, 194 hlm, ilus, 21 cm =650 ##$$a Kesusastraan Jawa =850 ##$$a NBPNMAT